| 000 | 00604nam a22002177a 4500 | ||
|---|---|---|---|
| 001 | nam a22 7a 4500 | ||
| 003 | OSt | ||
| 005 | 20211007140443.0 | ||
| 007 | nam a22 7a 4500 | ||
| 008 | 211007b |||||||| |||| 00| 0 eng d | ||
| 010 | _a nam a22 7a 4500 | ||
| 020 | _a9781603580304 | ||
| 040 | _cHU | ||
| 082 |
_22nd _a621.312136/GIP/2009 |
||
| 100 |
_aGipe Paul _910649 |
||
| 245 | _aWind Energy Basics / A Guide to Home-and Community-Scale Wind Energy Systems / | ||
| 250 | _a2nd | ||
| 260 |
_bChelsea Green Publishing Company _c2009 |
||
| 300 | _a166p | ||
| 942 |
_2ddc _cBOOKS _n0 |
||
| 999 |
_c10425 _d10425 |
||